Lataa...
Disraeli rising /
| Päätekijä: | |
|---|---|
| Aineistotyyppi: | Printed Book |
| Kieli: | English |
| Aiheet: |
| LEADER | 00392nam a2200121Ia 4500 | ||
|---|---|---|---|
| 008 | 150623b xxu||||| |||| 00| 1 eng d | ||
| 082 | |a 82391 | ||
| 100 | |a Edelman, Maurice | ||
| 245 | |a Disraeli rising / |c Maurice Edelman | ||
| 650 | |v Fiction | ||
| 942 | |c BK | ||
| 999 | |c 13904 |d 13904 | ||
| 952 | |0 0 |1 0 |4 0 |6 82391_000000000000000_DIS |7 0 |9 13903 |a UL |b UL |c ST2 |d 1998-09-24 |l 0 |o 82391 DIS |p 20854 |r 2012-10-27 |w 2012-10-27 |y BK | ||